ALEA project history, 1984 to 1996 : (Record no. 15005)

000 -LEADER
fixed length control field 00638cam a2200193 a 4500
040 ## - CATALOGING SOURCE
Transcribing agency DLC
082 ## - DEWEY DECIMAL CLASSIFICATION NUMBER
Classification number 332 DEP 1997 A073 Or.
245 00 - TITLE STATEMENT
Title ALEA project history, 1984 to 1996 :
Remainder of title investing in projects that enhance, protect, and provide places for people to enjoy Washington's marine and freshwater shorelines /
246 17 - VARYING FORM OF TITLE
Title proper/short title ALEA report
260 ## - PUBLICATION, DISTRIBUTION, ETC. (IMPRINT)
Place of publication Olympia, Wash. :
Name of publisher The Department,
Year of publication [1997]
300 ## - PHYSICAL DESCRIPTION
Number of Pages ii, 130 p. :
Other physical details ill., maps ;
Dimensions 28 cm.
500 ## - GENERAL NOTE
General note "Spring 1997."
500 ## - GENERAL NOTE
General note Includes index.
650 #0 - SUBJECT ADDED ENTRY--TOPICAL TERM
Topical Term Recreation areas
650 #0 - SUBJECT ADDED ENTRY--TOPICAL TERM
Topical Term Beaches
650 #0 - SUBJECT ADDED ENTRY--TOPICAL TERM
Topical Term Shorelines
710 1# - ADDED ENTRY--CORPORATE NAME
Corporate name or jurisdiction name as entry element Washington (State).
942 ## - ADDED ENTRY ELEMENTS (KOHA)
Koha item type សៀវភៅភាសាអង់គ្លេស

No items available.

មជ្ឈមណ្ឌលឯការនៃសាកលវិទ្យាល័យភូមិន្ទកសិកម្មចំការដូង

Powered by Koha